| 000 | 00773nam a2200205Ia 4500 | ||
|---|---|---|---|
| 003 | OSt | ||
| 005 | 20250820134720.0 | ||
| 007 | ca aa aaaaa | ||
| 008 | 201103s9999 xx 000 0 und d | ||
| 040 | _cSSBUL | ||
| 041 | _abur | ||
| 082 |
_a၂၉၄.၃၄၃၅ _bညွန့် |
||
| 100 |
_a ညွန့်ဝေ၊ ဦး _919446 |
||
| 245 | 1 | 0 |
_aထူးခြားပြည့်စုံသောရွှေတိဂုံစေတီတော်သမိုင်း / _c ဦးညွန့်ဝေ။ |
| 260 |
_aရန်ကုန် ၊ _bသစ္စာမဏ္ဍိုင်စာပေ၊ _c၁၉၈၉။ |
||
| 300 |
_a၁၆၀ စာမျက်နှာ ၊ _c၁၇ စင်တီ။ |
||
| 942 |
_cBK _2ddc |
||
| 942 | _2ddc | ||
| 942 | _2ddc | ||
| 999 |
_c20663 _d20663 |
||